000
00291nam a22000857a 4500
008
211216b ||||| |||| 00| 0 eng d
100
_a
Kaufmann Auction Galleries
245
_a
The Collection of the late Judge Harry J. Lemley
_b
Confederate States of America
650
_a
Confederate States of America
999
_c
3232
_d
3232